00888nam a2200229 a 4500001001000000003000500010005001700015008004100032010001100073011001100084040000900095100002700104245014700131260004100278500006000319502007700379650003700456650004100493650003800534856001600572856007000588000113859CHAP20220329144416.0171002s2017 mx a fsm |||||||spa d a110320 a111292 cCHAP1 aCabañas Díaz, Alan10aGuía técnica para el manejo intensivo del cultivo del pepino (Cucumis sativus L.) en invernadero /h[En línea]cpor Alan Cabañas Diaz. aChapingo, Méx. :bEl autor,c2017. aPara ver el contenido del material haga clic en la liga aTesis (Ing. Agr. Esp. en Fitotecnia) -- UACH. Departamento de Fitotecnia14aPepinoxCultivos hidropónicos.14aPepinoxInnovaciones tecnológicas.14aPepinoxSistemas de producción. a1 n0001096 aFinding aiduhttp://10.13.5.2/tesis/sist113859.pdfzTeclea aquí